Texto y contexto: semántica y pragmática del discurso

Kaydedildi:
Detaylı Bibliyografya
Yazar: Dijk, Teun Adrianus van (Yazar)
Materyal Türü: Kitap
Dil:İspanyolca
Baskı/Yayın Bilgisi: Madrid Cátedra 1980
Konular:
Etiketler: Etiketle
Etiket eklenmemiş, İlk siz ekleyin!

MARC

LEADER 00000nam a2200000 a 4500
001 UCQ6045
003 CL-VaPUC
008 981009e19800000SP |||||||||||||||||spa|d
082 0 4 |a 401.43  |b DIJ  |2 21 
100 0 |a Dijk, Teun Adrianus van  |e author  |9 420000 
245 1 0 |a Texto y contexto: semántica y pragmática del discurso 
300 |a 357 p 
942 |c BK 
945 |d 19981009 00:00:00  |a cmena 
260 |a Madrid  |b Cátedra  |c 1980 
650 0 |a Análisis del discurso  |9 256696 
650 0 |a Semántica  |9 265318 
650 0 |a Lingüística  |9 265068 
650 0 |a Filosofía del lenguaje  |9 257082 
650 7 |a TEORIA LINGUISTICA  |2 CL-VaPUC  |9 334835 
583 |a last modification  |c 19981009 00:00:00  |k Rodrigo Vera 
999 |c 276048  |d 276046 
952 |0 0  |1 0  |4 0  |6 401_430000000000000_DIJ_1980  |7 0  |8 A  |9 313159  |a FDOPOS  |b BIBEDU  |d 2019-11-20  |i 1479202  |l 2  |o 401.43 DIJ 1980  |p 1479202  |r 2025-01-22  |s 2022-08-24  |w 2019-11-20  |y BK  |k MLA 
952 |0 0  |1 0  |4 0  |6 401_430000000000000_DIJ_1980  |7 0  |8 A  |9 313160  |a FDOPOS  |b FDOPOS  |d 2019-11-20  |i 149581K  |o 401.43 DIJ 1980  |p 149581K  |r 2025-01-22  |w 2019-11-20  |y BK  |k MLA 
952 |0 0  |1 0  |4 0  |6 401_430000000000000_DIJ_1980  |7 0  |8 A  |9 313161  |a BIBCUR  |b BIBCUR  |d 2019-11-20  |i 3591271  |o 401.43 DIJ 1980  |p 3591271  |r 2025-04-22  |w 2019-11-20  |y BK  |k PER